[Event "Sindilegis op-B"]
[Site "Sindilegis"]
[Date "2009.10.25"]
[Round "?"]
[White "Marcelino, Valdenicio"]
[Black "Moreira, Ronaldo Alonso"]
[Result "1/2-1/2"]
[WhiteElo "2076"]
[BlackElo "2023"]
[PlyCount "30"]
[EventDate "2009.10.23"]
[EventType "swiss"]
[EventRounds "6"]
[EventCountry "BRA"]
[SourceTitle "EXT 2012"]
[Source "ChessBase"]
[SourceDate "2011.11.24"]
[SourceVersion "1"]
[SourceVersionDate "2011.11.24"]
[SourceQuality "1"]

1. d4 d6 2. Nf3 Nd7 3. e4 e5 4. c3 c6 5. Bd3 Be7 6. 0-0 Ngf6 7. Re1 0-0 8. Nbd2 Qc7 9. Nf1 Re8 10. Ng3 g6 11. Bg5 Nf8 12. h3 Ne6 13. Be3 Bf8 14. Qd2 h5 15. Rad1 a5 1/2-1/2

[Event "Sindilegis op-B"]
[Site "Sindilegis"]
[Date "2009.10.24"]
[Round "?"]
[White "Marcelino, Valdenicio"]
[Black "Supi, Luis Paulo"]
[Result "0-1"]
[WhiteElo "2076"]
[BlackElo "2076"]
[PlyCount "50"]
[EventDate "2009.10.23"]
[EventType "swiss"]
[EventRounds "6"]
[EventCountry "BRA"]
[SourceTitle "EXT 2012"]
[Source "ChessBase"]
[SourceDate "2011.11.24"]
[SourceVersion "1"]
[SourceVersionDate "2011.11.24"]
[SourceQuality "1"]

1. d4 d5 2. Nf3 Nf6 3. e3 c6 4. Bd3 e6 5. Nbd2 Be7 6. b3 0-0 7. Bb2 Nbd7 8. 0-0 b6 9. c4 Bb7 10. cxd5 cxd5 11. Qe2 a6 12. Rac1 b5 13. Rfd1 Qa5 14. Bb1 Rac8 15. Ne5 Ba3 16. Nxd7 Nxd7 17. Nf3 Rfe8 18. h4 Nf6 19. Ne5 Ne4 20. Bxe4 dxe4 21. Bxa3 Qxa3 22. Qd2 Qd6 23. Ng4 h5 24. Nh2 Qa3 25. Rf1 a5 0-1

[Event "Sindilegis op-B"]
[Site "Sindilegis"]
[Date "2009.10.23"]
[Round "?"]
[White "Palmeira, Pedro Alberto Marti"]
[Black "Marcelino, Valdenicio"]
[Result "0-1"]
[WhiteElo "1982"]
[BlackElo "2076"]
[PlyCount "80"]
[EventDate "2009.10.23"]
[EventType "swiss"]
[EventRounds "6"]
[EventCountry "BRA"]
[SourceTitle "EXT 2012"]
[Source "ChessBase"]
[SourceDate "2011.11.24"]
[SourceVersion "1"]
[SourceVersionDate "2011.11.24"]
[SourceQuality "1"]

1. e4 c5 2. Nf3 d6 3. d4 cxd4 4. Nxd4 Nf6 5. Nc3 g6 6. Be3 Bg7 7. Be2 0-0 8. Qd2 Nc6 9. f3 Bd7 10. Nb3 a5 11. a3 a4 12. Nd4 Qa5 13. 0-0 Rfc8 14. f4 Ng4 15. Bxg4 Bxg4 16. h3 Be6 17. Nxe6 fxe6 18. Kh1 d5 19. exd5 Bxc3 20. bxc3 Qxd5 21. Qe2 Qe4 22. Rae1 Ra5 23. Qf2 Qc4 24. Rd1 Rf5 25. g4 Rf6 26. Bd2 Rcf8 27. Qg2 Kh8 28. Rfe1 e5 29. Re4 Qa2 30. Bc1 exf4 31. Rxa4 f3 32. Qf2 Re6 33. Bh6 Re2 34. Qf1 Qxc2 35. Rc4 Rf2 36. Qg1 Rh2+ 37. Qxh2 Qxd1+ 38. Qg1 Qe2 39. Rxc6 bxc6 40. Bxf8 f2 0-1